| 000 | 00787nam a22002295i 4500 | ||
|---|---|---|---|
| 001 | 152402 | ||
| 003 | ES-MaACL | ||
| 005 | 20250815112603.0 | ||
| 008 | 030403q18981900fr a |||| | fre d | ||
| 040 |
_aCCPB | B _bspa _cCCPB | B |
||
| 100 | 1 |
_aBordier, H. _930408 |
|
| 245 | 1 | 4 |
_aLes actions moléculaires dans l'organisme / _cpar H. Bordier. |
| 260 |
_a[S.l.] : _bGeorges Carrè & C. Naud, éditeurs, _c[s.a.] ( _eChartres : _fimprimerie Durand) |
||
| 300 |
_a101 p. : _bil. ; _c20 cm. |
||
| 490 | 1 |
_aScientia. Biologie ; _v4 |
|
| 596 | 1 | _aPrólogo fechado en 1898. | |
| 596 | 1 | _aLos editores constan en cub. | |
| 650 | 7 |
_aBioquímica _2embne _9136796 |
|
| 830 | 0 |
_aScientia. Biologie ; _v4 _9221326 |
|
| 852 |
_aES-MaACL _jB-3263 _z-- Enc. tela |
||
| 999 |
_c152402 _d152402 |
||